000 00256nam a2200109Ia 4500
100 _aHart/K.R
650 _aDraughtsman
942 _cBK
245 _aEngineering Drawing With Problems & Solutions
260 _bEnglish language book society
300 _a188
999 _c28846
_d28846